[Event "Oberliga Ost-A 1920"]
[Site "Germany"]
[Date "2020.01.19"]
[Round "7.5"]
[White "Schaller, Sven"]
[Black "Boehm, Robert"]
[Result "1/2-1/2"]
[WhiteElo "2259"]
[BlackElo "2161"]
[PlyCount "39"]
[EventDate "2019.09.29"]
[EventType "team-tourn"]
[EventRounds "11"]
[EventCountry "GER"]
[SourceTitle "EXT 2021"]
[Source "ChessBase"]
[SourceDate "2020.10.23"]
[SourceVersion "1"]
[SourceVersionDate "2020.10.23"]
[SourceQuality "1"]
[WhiteTeam "Plauen Koenig"]
[BlackTeam "Hoyerswerda"]
[WhiteTeamCountry "GER"]
[BlackTeamCountry "GER"]

1. c4 c6 2. Nf3 d5 3. cxd5 cxd5 4. d4 Nc6 5. Nc3 Nf6 6. Ne5 e6 7. Qa4 Qb6 8. e3 Bd6 9. f4 0-0 10. Bb5 Bd7 11. Nxd7 Nxd7 12. 0-0 f5 13. Rb1 Rac8 14. Bd2 Nf6 15. Be2 a6 16. Kh1 Qa7 17. Qd1 b5 18. Bf3 Qd7 19. Be1 Be7 20. Rc1 1/2-1/2

[Event "Oberliga Ost-A 1920"]
[Site "Germany"]
[Date "2019.12.08"]
[Round "5.5"]
[White "Schaller, Sven"]
[Black "Roemling, Sven"]
[Result "1/2-1/2"]
[WhiteElo "2259"]
[BlackElo "2181"]
[PlyCount "69"]
[EventDate "2019.09.29"]
[EventType "team-tourn"]
[EventRounds "11"]
[EventCountry "GER"]
[SourceTitle "EXT 2021"]
[Source "ChessBase"]
[SourceDate "2020.10.23"]
[SourceVersion "1"]
[SourceVersionDate "2020.10.23"]
[SourceQuality "1"]
[WhiteTeam "Plauen Koenig"]
[BlackTeam "Leipzig SG II"]
[WhiteTeamCountry "GER"]
[BlackTeamCountry "GER"]

1. c4 Nf6 2. Nf3 g6 3. g3 Bg7 4. Bg2 0-0 5. Nc3 c6 6. b3 d5 7. cxd5 cxd5 8. Bb2 Nc6 9. 0-0 Bf5 10. d3 d4 11. Na4 Nd5 12. Qd2 b6 13. Rfe1 Rc8 14. Rac1 e5 15. Ba3 Re8 16. Nh4 Be6 17. e4 dxe3 18. fxe3 Qd7 19. Nf3 Bh6 20. Nc3 Nxc3 21. Rxc3 e4 22. dxe4 Qxd2 23. Nxd2 Ne5 24. Rec1 Rcd8 25. Nf1 b5 26. Bc5 b4 27. R3c2 Nd3 28. Rd1 Nxc5 29. Rxd8 Rxd8 30. Rxc5 Rd1 31. Kf2 Ra1 32. Rc2 Bg7 33. Nd2 Bc3 34. Bf1 a5 35. Bc4 1/2-1/2

[Event "Oberliga Ost-A 1920"]
[Site "Germany"]
[Date "2019.09.29"]
[Round "1.4"]
[White "Schaller, Sven"]
[Black "Pfeufer, Lion"]
[Result "1/2-1/2"]
[WhiteElo "2259"]
[BlackElo "2031"]
[PlyCount "115"]
[EventDate "2019.09.29"]
[EventType "team-tourn"]
[EventRounds "11"]
[EventCountry "GER"]
[SourceTitle "EXT 2021"]
[Source "ChessBase"]
[SourceDate "2020.10.23"]
[SourceVersion "1"]
[SourceVersionDate "2020.10.23"]
[SourceQuality "1"]
[WhiteTeam "Plauen Koenig"]
[BlackTeam "Plauen Koenig II"]
[WhiteTeamCountry "GER"]
[BlackTeamCountry "GER"]

1. c4 Nf6 2. Nc3 g6 3. g3 d5 4. cxd5 Nxd5 5. Qa4+ c6 6. Qd4 Nf6 7. Qxd8+ Kxd8 8. Nf3 Nbd7 9. d4 e6 10. Bg2 Bb4 11. 0-0 Ke7 12. Bg5 h6 13. Bd2 g5 14. h4 g4 15. Ne1 e5 16. Nc2 Bd6 17. Rad1 Nb6 18. Bc1 exd4 19. Nxd4 Nc4 20. b3 Ne5 21. Rd2 Bb4 22. Bb2 Be6 23. a3 Bd6 24. Rfd1 Rad8 25. a4 Bb4 26. Nxe6 Rxd2 27. Rxd2 Kxe6 28. Rd1 Rg8 29. Kf1 Nfd7 30. Na2 Be7 31. b4 Nb6 32. a5 Nbc4 33. Bc3 b6 34. Be4 Rd8 35. Ke1 Rxd1+ 36. Kxd1 c5 37. axb6 axb6 38. Bc2 cxb4 39. Nxb4 Bc5 40. Ke1 Kd6 41. Bf5 h5 42. Be4 Na3 43. Nd3 Nxd3+ 44. Bxd3 b5 45. f3 gxf3 46. exf3 b4 47. Bb2 Kd5 48. g4 hxg4 49. fxg4 Nc4 50. Bxc4+ Kxc4 51. h5 Be3 52. Ke2 Bg5 53. Bg7 b3 54. Bb2 Bh6 55. Bf6 Bg5 56. Bb2 Bh6 57. Bf6 Bg5 58. Bb2 1/2-1/2

[Event "BL2-Ost 1819"]
[Site "Germany"]
[Date "2018.12.16"]
[Round "4.1"]
[White "Braeuer, Franz"]
[Black "Schaller, Sven"]
[Result "1-0"]
[WhiteElo "2439"]
[BlackElo "2262"]
[PlyCount "35"]
[EventDate "2018.11.10"]
[EventType "team-tourn"]
[EventRounds "10"]
[EventCountry "GER"]
[SourceTitle "CBM 190 Extra"]
[Source "ChessBase"]
[SourceDate "2019.07.15"]
[SourceVersion "1"]
[SourceVersionDate "2019.07.15"]
[SourceQuality "1"]
[WhiteTeam "Erfurt"]
[BlackTeam "Plauen Koenig"]
[WhiteTeamCountry "GER"]
[BlackTeamCountry "GER"]

1. e4 c6 2. d4 d5 3. Nd2 dxe4 4. Nxe4 Bf5 5. Ng3 Bg6 6. Bc4 Qa5+ 7. c3 b5 8. Bb3 Nf6 9. Nf3 Nbd7 10. h4 b4 11. cxb4 Qxb4+ 12. Bd2 Qb5 13. Rc1 Rc8 14. Bc4 Qxb2 15. h5 Be4 16. Nxe4 Nxe4 17. Rb1 Qa3 18. Bb4 1-0

[Event "Oberliga Ost-A 1718"]
[Site "Germany"]
[Date "2018.02.03"]
[Round "6.4"]
[White "Roesemann, Rainer"]
[Black "Schaller, Sven"]
[Result "1-0"]
[WhiteElo "2208"]
[BlackElo "2270"]
[PlyCount "65"]
[EventDate "2017.10.22"]
[EventType "team-tourn"]
[EventRounds "11"]
[EventCountry "GER"]
[SourceTitle "EXT 2019"]
[Source "ChessBase"]
[SourceDate "2018.10.10"]
[SourceVersion "1"]
[SourceVersionDate "2018.10.10"]
[SourceQuality "1"]
[WhiteTeam "Leipzig SG"]
[BlackTeam "Plauen Koenig"]
[WhiteTeamCountry "GER"]
[BlackTeamCountry "GER"]

1. d4 Nf6 2. Bf4 e6 3. e3 c5 4. c3 Nc6 5. Nd2 b6 6. Ngf3 Bb7 7. Bd3 Be7 8. h3 Rc8 9. Qe2 0-0 10. 0-0 d5 11. Rad1 c4 12. Bb1 b5 13. a3 a5 14. e4 Re8 15. Rfe1 b4 16. axb4 axb4 17. Ne5 Qb6 18. Nxf7 Kxf7 19. e5 g6 20. exf6 Bxf6 21. Nf3 Kg8 22. h4 Re7 23. h5 gxh5 24. Ng5 e5 25. dxe5 Nxe5 26. Qxh5 h6 27. Bh7+ Kg7 28. Bxe5 Bxe5 29. Rxe5 Rxe5 30. Qf7+ Kh8 31. Bf5 Qc7 32. Bxc8 Qxf7 33. Nxf7+ 1-0

[Event "BL2-Ost 1617"]
[Site "Germany"]
[Date "2017.03.19"]
[Round "10.3"]
[White "Mueller, Matthias"]
[Black "Schaller, Sven"]
[Result "1/2-1/2"]
[WhiteElo "2385"]
[BlackElo "2282"]
[PlyCount "51"]
[EventDate "2016.10.14"]
[EventType "team-tourn"]
[EventRounds "10"]
[EventCountry "GER"]
[SourceTitle "CBM 177 Extra"]
[Source "ChessBase"]
[SourceDate "2017.04.27"]
[SourceVersion "1"]
[SourceVersionDate "2017.04.27"]
[SourceQuality "1"]
[WhiteTeam "Erfurt"]
[BlackTeam "Koenig Plauen"]
[WhiteTeamCountry "GER"]
[BlackTeamCountry "GER"]

1. e4 c6 2. d4 d5 3. Nc3 dxe4 4. Nxe4 Bf5 5. Ng3 Bg6 6. h4 h6 7. Nf3 Nd7 8. h5 Bh7 9. Bd3 Bxd3 10. Qxd3 e6 11. Bd2 Ngf6 12. 0-0-0 Qc7 13. Kb1 Bd6 14. Ne4 Nxe4 15. Qxe4 0-0-0 16. Qg4 Rhg8 17. c4 c5 18. d5 exd5 19. cxd5 Kb8 20. Bc3 Ne5 21. Qf5 Nxf3 22. Qxf3 Be5 23. Rhe1 Bxc3 24. Qxc3 Qd6 25. Qe3 Rd7 26. Rd2 1/2-1/2

[Event "BL2-Ost 1617"]
[Site "Germany"]
[Date "2016.12.03"]
[Round "5.4"]
[White "Schaller, Sven"]
[Black "Nestorovic, Nikola"]
[Result "0-1"]
[WhiteElo "2282"]
[BlackElo "2507"]
[PlyCount "102"]
[EventDate "2016.10.14"]
[EventType "team-tourn"]
[EventRounds "10"]
[EventCountry "GER"]
[SourceTitle "CBM 177 Extra"]
[Source "ChessBase"]
[SourceDate "2017.04.27"]
[SourceVersion "1"]
[SourceVersionDate "2017.04.27"]
[SourceQuality "1"]
[WhiteTeam "Koenig Plauen"]
[BlackTeam "Goeggingen"]
[WhiteTeamCountry "GER"]
[BlackTeamCountry "GER"]

1. d4 Nf6 2. Bg5 Ne4 3. Bf4 c5 4. e3 Qb6 5. Nc3 Nxc3 6. bxc3 e6 7. Bd3 d5 8. Rb1 Qa5 9. Bxb8 Qxc3+ 10. Kf1 Rxb8 11. Bb5+ Bd7 12. Bxd7+ Kxd7 13. Ne2 Qc4 14. e4 cxd4 15. exd5 e5 16. h4 Bd6 17. Rh3 Rhc8 18. c3 d3 19. Rxd3 Qxh4 20. Rh3 Qe4 21. Ng3 Qc4+ 22. Kg1 h6 23. Nf5 g6 24. Rh4 e4 25. Nxd6 Kxd6 26. Qg4 Qxc3 27. Qf4+ Qe5 28. Qxf7 Qf5 29. Qxf5 gxf5 30. Rxh6+ Kxd5 31. Rf6 Ke5 32. Rf7 a6 33. Re7+ Kf6 34. Rexb7 Rxb7 35. Rxb7 Rc1+ 36. Kh2 Rc2 37. Rb6+ Ke5 38. Rxa6 Rxf2 39. Kg1 e3 40. Ra8 f4 41. a4 Ke4 42. a5 Kd3 43. Rd8+ Ke2 44. Rd4 Rf1+ 45. Kh2 f3 46. gxf3 Kxf3 47. a6 e2 48. a7 Rh1+ 49. Kxh1 e1Q+ 50. Kh2 Qg3+ 51. Kh1 Qg2# 0-1

[Event "BL2-Ost 1617"]
[Site "Germany"]
[Date "2016.11.20"]
[Round "4.5"]
[White "Wall, Gavin"]
[Black "Schaller, Sven"]
[Result "0-1"]
[WhiteElo "2349"]
[BlackElo "2282"]
[PlyCount "82"]
[EventDate "2016.10.14"]
[EventType "team-tourn"]
[EventRounds "10"]
[EventCountry "GER"]
[SourceTitle "CBM 177 Extra"]
[Source "ChessBase"]
[SourceDate "2017.04.27"]
[SourceVersion "1"]
[SourceVersionDate "2017.04.27"]
[SourceQuality "1"]
[WhiteTeam "Bindlach"]
[BlackTeam "Koenig Plauen"]
[WhiteTeamCountry "GER"]
[BlackTeamCountry "GER"]

1. e4 c6 2. d4 d5 3. f3 e6 4. Nc3 Bb4 5. Bf4 Nf6 6. Qd3 0-0 7. Bg5 Be7 8. 0-0-0 b6 9. Qd2 Bb7 10. Nh3 b5 11. e5 Nfd7 12. Bxe7 Qxe7 13. f4 b4 14. Na4 c5 15. Nxc5 Nxc5 16. dxc5 Qxc5 17. Bd3 h6 18. g4 Ba6 19. Bxa6 Nxa6 20. f5 Qc4 21. fxe6 fxe6 22. Kb1 Qxg4 23. Nf2 Qf4 24. Qe2 Nc5 25. Ng4 Ne4 26. Rhg1 Kh8 27. Ka1 Qf3 28. Qa6 Ng5 29. Rde1 Qh3 30. Rg3 Qh4 31. Qd3 Rf3 32. Re3 Raf8 33. a3 R3f4 34. h3 bxa3 35. Qxa3 h5 36. Qe7 R4f7 37. Qb4 a5 38. Qxa5 hxg4 39. Rxg4 Qf2 40. Ra3 Ne4 41. Qa4 Nd2 0-1

[Event "Oberliga Ost-A 1516"]
[Site "Germany"]
[Date "2016.03.13"]
[Round "9.5"]
[White "Schaller, Sven"]
[Black "Boehm, Robert"]
[Result "1/2-1/2"]
[WhiteElo "2293"]
[BlackElo "2144"]
[PlyCount "161"]
[EventDate "2015.09.20"]
[EventType "team-tourn"]
[EventRounds "11"]
[EventCountry "GER"]
[SourceTitle "EXT 2017"]
[Source "ChessBase"]
[SourceDate "2016.10.25"]
[SourceVersion "1"]
[SourceVersionDate "2016.10.25"]
[SourceQuality "1"]
[WhiteTeam "Plauen Koenig"]
[BlackTeam "Hoyerswerda"]
[WhiteTeamCountry "GER"]
[BlackTeamCountry "GER"]

1. Nf3 d5 2. g3 Nf6 3. Bg2 c6 4. 0-0 Bg4 5. d3 Nbd7 6. Qe1 e5 7. e4 dxe4 8. dxe4 Bc5 9. Nbd2 0-0 10. h3 Bh5 11. Nh4 Re8 12. Nb3 Bb6 13. Nf5 Nc5 14. Be3 Nxb3 15. axb3 Qc7 16. Bg5 Nd7 17. Qd2 Bc5 18. b4 Bf8 19. g4 Bg6 20. Rfd1 Nb6 21. Qc3 f6 22. Be3 a6 23. Bf1 Bf7 24. b5 axb5 25. Bxb5 Rxa1 26. Rxa1 Nc8 27. Bc4 Nd6 28. Nxd6 Bxd6 29. Ra7 Rb8 30. Qb3 Bxc4 31. Qxc4+ Qf7 32. Qd3 Qe7 33. Bb6 h6 34. Ra1 Kh7 35. Rd1 Bc5 36. Bd8 Qf8 37. Qd7 Bd4 38. Bc7 Re8 39. c3 Qe7 40. Qxe7 Rxe7 41. Ba5 Bc5 42. Bd8 Re6 43. Kf1 Rd6 44. Rxd6 Bxd6 45. Bb6 Kg6 46. f3 Kf7 47. Ke2 Ke6 48. Kd3 Kd7 49. Kc4 Ke6 50. b4 g6 51. b5 h5 52. bxc6 bxc6 53. Kb3 f5 54. exf5+ gxf5 55. gxh5 Be7 56. Kc4 Kf6 57. Bc7 Bf8 58. f4 exf4 59. Bxf4 Be7 60. Kd3 Bc5 61. c4 Be7 62. Kd4 Ke6 63. Kc3 Bf6+ 64. Kd3 Kf7 65. Be3 Be5 66. Bd4 Bf4 67. Ke2 Bd6 68. Kf3 Kg8 69. Be3 Kh7 70. Bf4 Bb4 71. Ke3 Bc5+ 72. Kd3 Kg8 73. Kc3 Kh7 74. Kb3 Bf8 75. Bg5 Bd6 76. Ka4 f4 77. Ka5 f3 78. Be3 Bg3 79. Kb6 f2 80. Bxf2 Bxf2+ 81. Kxc6 1/2-1/2

[Event "Oberliga Ost-A 1516"]
[Site "Germany"]
[Date "2016.01.17"]
[Round "7.5"]
[White "Beyer, Till"]
[Black "Schaller, Sven"]
[Result "0-1"]
[WhiteElo "2069"]
[BlackElo "2293"]
[PlyCount "52"]
[EventDate "2015.09.20"]
[EventType "team-tourn"]
[EventRounds "11"]
[EventCountry "GER"]
[SourceTitle "EXT 2017"]
[Source "ChessBase"]
[SourceDate "2016.10.25"]
[SourceVersion "1"]
[SourceVersionDate "2016.10.25"]
[SourceQuality "1"]
[WhiteTeam "Leipzig SG II"]
[BlackTeam "Plauen Koenig"]
[WhiteTeamCountry "GER"]
[BlackTeamCountry "GER"]

1. c4 e5 2. g3 Nc6 3. Bg2 Nf6 4. Nc3 Be7 5. Nf3 0-0 6. 0-0 d5 7. cxd5 Nxd5 8. Nxe5 Nxc3 9. Nxc6 Nxd1 10. Nxd8 Nxf2 11. Nxb7 Nh3+ 12. Kh1 Rb8 13. Na5 Rb6 14. d3 Bg4 15. Bf3 h5 16. Nc4 Re6 17. Be3 c5 18. Kg2 Rd8 19. Rad1 g6 20. a3 Ng5 21. Rfe1 Nxf3 22. exf3 Bf5 23. Bf4 g5 24. Rxe6 Bxe6 25. Bc1 Bxc4 26. Re1 Be6 0-1

[Event "Oberliga Ost-A 1516"]
[Site "Germany"]
[Date "2016.01.16"]
[Round "6.5"]
[White "Schaller, Sven"]
[Black "Altstadt, Karl Simon"]
[Result "1-0"]
[WhiteElo "2293"]
[BlackElo "2042"]
[PlyCount "73"]
[EventDate "2015.09.20"]
[EventType "team-tourn"]
[EventRounds "11"]
[EventCountry "GER"]
[SourceTitle "EXT 2017"]
[Source "ChessBase"]
[SourceDate "2016.10.25"]
[SourceVersion "1"]
[SourceVersionDate "2016.10.25"]
[SourceQuality "1"]
[WhiteTeam "Plauen Koenig"]
[BlackTeam "Halle Volksbank"]
[WhiteTeamCountry "GER"]
[BlackTeamCountry "GER"]

1. Nf3 c5 2. c4 Nf6 3. d4 cxd4 4. Nxd4 e6 5. g3 d5 6. Bg2 e5 7. Nb3 d4 8. 0-0 Nc6 9. e3 Bg4 10. f3 Be6 11. exd4 exd4 12. Re1 Be7 13. Na3 0-0 14. Bf1 Qb6 15. Bd2 Nd7 16. Kh1 Rfd8 17. Bf4 a6 18. Bd3 Nb4 19. Nc2 Nxd3 20. Qxd3 Nc5 21. Nxc5 Qxc5 22. b3 Bf5 23. Qd2 Bf6 24. Nb4 Be6 25. Nd3 Qc6 26. Kg2 Bf5 27. Nb4 Qc8 28. Nd5 Rxd5 29. cxd5 Qc2 30. Rac1 Qxd2+ 31. Bxd2 h6 32. g4 Bd3 33. Bf4 Rd8 34. d6 Bg6 35. Rc7 d3 36. d7 Kh7 37. Re8 1-0

[Event "Oberliga Ost-A 1516"]
[Site "Germany"]
[Date "2015.10.11"]
[Round "3.4"]
[White "Schaller, Sven"]
[Black "Schubert, Ralf"]
[Result "1/2-1/2"]
[WhiteElo "2293"]
[BlackElo "2145"]
[PlyCount "51"]
[EventDate "2015.09.20"]
[EventType "team-tourn"]
[EventRounds "11"]
[EventCountry "GER"]
[SourceTitle "EXT 2017"]
[Source "ChessBase"]
[SourceDate "2016.10.25"]
[SourceVersion "1"]
[SourceVersionDate "2016.10.25"]
[SourceQuality "1"]
[WhiteTeam "Plauen Koenig"]
[BlackTeam "Dessau"]
[WhiteTeamCountry "GER"]
[BlackTeamCountry "GER"]

1. Nf3 Nf6 2. g3 g6 3. Bg2 Bg7 4. c4 0-0 5. 0-0 d6 6. Nc3 e5 7. d3 Nc6 8. Rb1 Bd7 9. Bg5 h6 10. Bxf6 Bxf6 11. b4 Bg7 12. b5 Ne7 13. Qc2 c5 14. bxc6 Bxc6 15. e4 Qd7 16. Qb3 Rfc8 17. Ne1 b6 18. a4 Rab8 19. Nc2 Ba8 20. Nb4 Nc6 21. Nxc6 Rxc6 22. a5 Rc5 23. Qa3 Bc6 24. axb6 axb6 25. Rb3 Bf6 26. Qb2 1/2-1/2

[Event "Oberliga Ost-A 1415"]
[Site "Germany"]
[Date "2015.04.12"]
[Round "11.2"]
[White "Moehn, Hans"]
[Black "Schaller, Sven"]
[Result "1-0"]
[WhiteElo "2226"]
[BlackElo "2305"]
[PlyCount "71"]
[EventDate "2014.09.21"]
[EventType "team-tourn"]
[EventRounds "11"]
[EventCountry "GER"]
[SourceTitle "EXT 2016"]
[Source "ChessBase"]
[SourceDate "2015.10.08"]
[SourceVersion "1"]
[SourceVersionDate "2015.10.08"]
[SourceQuality "1"]
[WhiteTeam "Dresden USV TU II"]
[BlackTeam "Plauen Koenig"]
[WhiteTeamCountry "GER"]
[BlackTeamCountry "GER"]

1. Nf3 Nf6 2. c4 e6 3. g3 d5 4. Bg2 a6 5. b3 d4 6. 0-0 Be7 7. e3 c5 8. exd4 cxd4 9. d3 Nc6 10. Re1 0-0 11. Ne5 Nxe5 12. Rxe5 Bd6 13. Re1 Re8 14. Bg5 h6 15. Bxf6 Qxf6 16. Qc2 Qe7 17. a3 a5 18. Qb2 e5 19. Nd2 Ra6 20. Ne4 Bb8 21. b4 f5 22. Nd2 axb4 23. axb4 Rb6 24. c5 Rg6 25. Ra8 Be6 26. Nf3 Bf7 27. Nxd4 Qd7 28. Nf3 Rge6 29. Qc3 e4 30. dxe4 Rxe4 31. Rxe4 fxe4 32. Qd4 Qb5 33. Nd2 Qe2 34. Bxe4 Qd1+ 35. Kg2 Rxe4 36. Qxe4 1-0

[Event "Oberliga Ost-A 1415"]
[Site "Germany"]
[Date "2015.04.11"]
[Round "10.2"]
[White "Schaller, Sven"]
[Black "Rudolf, Sebastian"]
[Result "0-1"]
[WhiteElo "2305"]
[BlackElo "2233"]
[PlyCount "66"]
[EventDate "2014.09.21"]
[EventType "team-tourn"]
[EventRounds "11"]
[EventCountry "GER"]
[SourceTitle "EXT 2016"]
[Source "ChessBase"]
[SourceDate "2015.10.08"]
[SourceVersion "1"]
[SourceVersionDate "2015.10.08"]
[SourceQuality "1"]
[WhiteTeam "Plauen Koenig"]
[BlackTeam "Dresden Gruen Weiss"]
[WhiteTeamCountry "GER"]
[BlackTeamCountry "GER"]

1. c4 c5 2. g3 g6 3. Bg2 Bg7 4. Nc3 Nc6 5. e3 Nh6 6. Nge2 Nf5 7. a3 0-0 8. Rb1 a5 9. d3 e6 10. h4 h5 11. Nf4 d6 12. Be4 Bd7 13. Bd2 Rb8 14. Nb5 Ne5 15. Qa4 d5 16. Bg2 dxc4 17. dxc4 Nd6 18. b3 b6 19. Rd1 Nxb5 20. cxb5 Qe8 21. Qe4 Bxb5 22. Qc2 Rd8 23. Bc3 Rxd1+ 24. Kxd1 Qd7+ 25. Kc1 Rd8 26. Be4 Bc6 27. Re1 Nf3 28. Bxf3 Bxf3 29. Bxg7 Kxg7 30. Qc3+ Kg8 31. e4 Bxe4 32. Nh3 Qd4 33. Qxd4 Rxd4 0-1

[Event "Oberliga Ost-A 1415"]
[Site "Germany"]
[Date "2015.03.15"]
[Round "9.2"]
[White "Mueller, Richard"]
[Black "Schaller, Sven"]
[Result "0-1"]
[WhiteElo "2129"]
[BlackElo "2305"]
[PlyCount "106"]
[EventDate "2014.09.21"]
[EventType "team-tourn"]
[EventRounds "11"]
[EventCountry "GER"]
[SourceTitle "EXT 2016"]
[Source "ChessBase"]
[SourceDate "2015.10.08"]
[SourceVersion "1"]
[SourceVersionDate "2015.10.08"]
[SourceQuality "1"]
[WhiteTeam "Coswig"]
[BlackTeam "Plauen Koenig"]
[WhiteTeamCountry "GER"]
[BlackTeamCountry "GER"]

1. d4 Nf6 2. c4 e6 3. Nc3 Bb4 4. e3 d5 5. Nge2 dxc4 6. a3 Be7 7. Nf4 c5 8. Bxc4 cxd4 9. exd4 0-0 10. 0-0 Nbd7 11. Re1 Nb6 12. Ba2 Bd6 13. Nd3 Bb8 14. Ne5 Nbd5 15. Bg5 Nxc3 16. bxc3 Qd6 17. Qd3 Nd7 18. Bb1 g6 19. Qh3 f6 20. Nc4 Qxh2+ 21. Qxh2 Bxh2+ 22. Kxh2 fxg5 23. f3 Nf6 24. Ba2 Rd8 25. Re5 g4 26. Ne3 gxf3 27. Rf1 Kg7 28. Rxf3 Re8 29. Rc5 Re7 30. Nc4 b6 31. Rg5 Bb7 32. Re3 h6 33. Rgg3 Rd8 34. Ne5 g5 35. Ng4 Nxg4+ 36. Rxg4 Kf6 37. Re5 Bd5 38. Bb1 Rc7 39. Rg3 Rdc8 40. Ree3 b5 41. Rh3 Kg7 42. Bc2 Rc6 43. Bd1 Ra6 44. Bf3 Bxf3 45. Rhxf3 Rf8 46. Rh3 Rf5 47. g4 Rf2+ 48. Kg1 Rf4 49. Rhg3 Rxa3 50. Rxe6 b4 51. Re7+ Rf7 52. Ree3 Ra1+ 53. Kg2 b3 0-1

[Event "Oberliga Ost-A 1415"]
[Site "Germany"]
[Date "2015.02.22"]
[Round "8.2"]
[White "Hoepfl, Thomas"]
[Black "Schaller, Sven"]
[Result "0-1"]
[WhiteElo "2296"]
[BlackElo "2305"]
[PlyCount "94"]
[EventDate "2014.09.21"]
[EventType "team-tourn"]
[EventRounds "11"]
[EventCountry "GER"]
[SourceTitle "EXT 2016"]
[Source "ChessBase"]
[SourceDate "2015.10.08"]
[SourceVersion "1"]
[SourceVersionDate "2015.10.08"]
[SourceQuality "1"]
[WhiteTeam "Halle Volksbank"]
[BlackTeam "Plauen Koenig"]
[WhiteTeamCountry "GER"]
[BlackTeamCountry "GER"]

1. e4 c5 2. Nf3 d6 3. d4 cxd4 4. Nxd4 Nf6 5. Nc3 a6 6. Bg5 Bg4 7. f3 Bd7 8. Qd2 Nc6 9. 0-0-0 e6 10. h4 Be7 11. g4 Nxd4 12. Qxd4 Qa5 13. Kb1 Rc8 14. Bd2 Qc5 15. Qd3 b5 16. Be3 Qc7 17. g5 Nh5 18. Ne2 b4 19. Rg1 e5 20. f4 Ba4 21. Rc1 Bb5 22. Qd2 0-0 23. f5 Rfd8 24. f6 Bf8 25. Bh3 Bd7 26. Bxd7 Qxd7 27. fxg7 Bxg7 28. Bb6 Re8 29. Ng3 Nxg3 30. Rxg3 Qc6 31. Qxb4 Rb8 32. Rb3 a5 33. Qxa5 Qxe4 34. Rb4 Qf3 35. Qa4 e4 36. Qc6 Qf4 37. a4 Qd2 38. Ba5 Bxb2 39. Rf1 Be5 40. Qc4 d5 41. Qb3 Rxb4 42. Bxb4 Qd4 43. Ka2 Rb8 44. Rb1 e3 45. c3 Qd3 46. Rd1 Qe2+ 47. Ka3 Bxc3 0-1

[Event "Oberliga Ost-A 1415"]
[Site "Germany"]
[Date "2014.12.07"]
[Round "5.1"]
[White "Lechtynsky, Jiri"]
[Black "Schaller, Sven"]
[Result "1/2-1/2"]
[WhiteElo "2366"]
[BlackElo "2305"]
[PlyCount "45"]
[EventDate "2014.09.21"]
[EventType "team-tourn"]
[EventRounds "11"]
[EventCountry "GER"]
[SourceTitle "EXT 2016"]
[Source "ChessBase"]
[SourceDate "2015.10.08"]
[SourceVersion "1"]
[SourceVersionDate "2015.10.08"]
[SourceQuality "1"]
[WhiteTeam "Hoyerswerda"]
[BlackTeam "Plauen Koenig"]
[WhiteTeamCountry "GER"]
[BlackTeamCountry "GER"]

1. d4 Nf6 2. Nf3 c6 3. c4 d6 4. Nc3 Bg4 5. e4 Nbd7 6. Be2 e5 7. Be3 Be7 8. 0-0 0-0 9. d5 cxd5 10. cxd5 Bxf3 11. Bxf3 Qb8 12. a4 Rc8 13. Qe2 a6 14. Rfc1 Rc7 15. a5 Qd8 16. b4 Rac8 17. Na4 Ne8 18. Qd2 h6 19. Rxc7 Rxc7 20. Rc1 Bg5 21. Bxg5 hxg5 22. g3 Kf8 23. Rxc7 1/2-1/2

[Event "BL2-Ost 1314"]
[Site "Germany"]
[Date "2014.01.18"]
[Round "9.2"]
[White "Schaller, Sven"]
[Black "Koepke, Christian"]
[Result "1-0"]
[WhiteElo "2297"]
[BlackElo "2344"]
[PlyCount "89"]
[EventDate "2013.10.12"]
[EventType "team-tourn"]
[EventRounds "10"]
[EventCountry "GER"]
[SourceTitle "EXT 2015"]
[Source "ChessBase"]
[SourceDate "2014.11.20"]
[SourceVersion "1"]
[SourceVersionDate "2014.11.20"]
[SourceQuality "1"]
[WhiteTeam "Plauen Koenig"]
[BlackTeam "Garching"]
[WhiteTeamCountry "GER"]
[BlackTeamCountry "GER"]

1. Nf3 Nf6 2. c4 g6 3. g3 Bg7 4. Bg2 0-0 5. 0-0 d6 6. Nc3 e5 7. d3 Nc6 8. Bg5 h6 9. Bxf6 Bxf6 10. Rb1 a5 11. a3 Bg7 12. b4 axb4 13. axb4 Be6 14. Nd2 e4 15. Nd5 exd3 16. exd3 Qd7 17. b5 Nd4 18. Ne3 Bh3 19. Nb3 Bxg2 20. Kxg2 c6 21. Nxd4 Bxd4 22. Qf3 Rfe8 23. bxc6 bxc6 24. Nc2 Bg7 25. Rb6 d5 26. cxd5 cxd5 27. Rfb1 Rac8 28. Rb7 Rc7 29. Rxc7 Qxc7 30. Ne3 Rd8 31. Nxd5 Qd7 32. Ne3 h5 33. Rd1 Qb5 34. Nc4 Qc5 35. Rb1 Rd7 36. Rb8+ Kh7 37. h4 Qd4 38. Rb3 Kg8 39. Nd2 Qa4 40. Rb8+ Bf8 41. Ne4 Re7 42. Nf6+ Kg7 43. Nd5 Re6 44. Rb7 Qe8 45. Nc7 1-0

[Event "BL2-Ost 1314"]
[Site "Germany"]
[Date "2013.11.24"]
[Round "6.5"]
[White "Schaller, Sven"]
[Black "Mueller, Matthias"]
[Result "1/2-1/2"]
[WhiteElo "2297"]
[BlackElo "2399"]
[PlyCount "71"]
[EventDate "2013.10.12"]
[EventType "team-tourn"]
[EventRounds "10"]
[EventCountry "GER"]
[SourceTitle "EXT 2015"]
[Source "ChessBase"]
[SourceDate "2014.11.20"]
[SourceVersion "1"]
[SourceVersionDate "2014.11.20"]
[SourceQuality "1"]
[WhiteTeam "Plauen Koenig"]
[BlackTeam "Erfurt"]
[WhiteTeamCountry "GER"]
[BlackTeamCountry "GER"]

1. Nf3 d5 2. g3 Nf6 3. Bg2 e6 4. 0-0 Be7 5. c4 0-0 6. d4 Nbd7 7. Qc2 c6 8. Nbd2 b6 9. e4 Ba6 10. b3 Rc8 11. e5 Ne8 12. Bb2 c5 13. Rfd1 cxd4 14. Bxd4 Nc7 15. Qb2 Nc5 16. Bxc5 Bxc5 17. Ne4 Qe7 18. Nxc5 Qxc5 19. Rac1 dxc4 20. bxc4 Rcd8 21. Rxd8 Rxd8 22. Nd2 Ne8 23. Ne4 Qa5 24. h4 Bb7 25. a3 Bxe4 26. Bxe4 Qc5 27. Bb1 f6 28. exf6 Nxf6 29. Qe2 Qxa3 30. Qxe6+ Kf8 31. Rf1 Qc5 32. Rc1 Re8 33. Qf5 Qxf5 34. Bxf5 Re5 35. Bh3 Rc5 36. Ra1 1/2-1/2